000 00317nam a22001457a 4500
008 230419b ||||| |||| 00| 0 eng d
020 _a9780691161006
041 _aeng
080 _a37
082 _a37STR
100 _a24
101 _aEDU
245 _aLOCKE ON PERSONAL IDENTITY
_cSTRAWSON.G
942 _2udc
_cBK
999 _c59619
_d59619